| 000 | 01251nam a22002297a 4500 | ||
|---|---|---|---|
| 003 | NALT | ||
| 005 | 20251210120506.0 | ||
| 008 | s2557 th tha d | ||
| 020 | _a9786169150572 | ||
| 040 | _aNALT | ||
| 041 | _atha | ||
| 050 |
_aG 155.T5 _bก287 2557 |
||
| 245 | 0 | 0 | _aกลยุทธ์การจัดการท่องเที่ยวแบบบูรณาการ. |
| 250 | _aพิมพ์ครั้งที่ 2. | ||
| 260 |
_aกรุงเทพฯ : _bองค์การบริหารการพัฒนาพื้นที่พิเศษเพื่อการท่องเที่ยวอย่างยั่งยืน (องค์การมหาชน), _c2557. |
||
| 300 |
_a138 หน้า : _bภาพประกอบ ; _c18 ซม. |
||
| 650 | 4 |
_aการท่องเที่ยว _936213 _xการจัดการ |
|
| 710 | 2 |
_a องค์การบริหารการพัฒนาพื้นที่พิเศษเพื่อการท่องเที่ยวอย่างยั่งยืน (องค์การมหาชน). _94072 |
|
| 850 | _aNALT | ||
| 942 |
_cGB _2lcc |
||
| 996 |
_asaiphon.d _bCATSTF _c2025-12-10 |
||
| 999 |
_c74462 _d74462 |
||
| 998 |
_j104 _k นางสาวสายฝน ดีงาม |
||